Культурология: теория культуры: учебное пособие

Dettagli Bibliografici
Autore principale: Садохин А. П. Александр Петрович
Altri autori: Грушевицкая Т. Г. Татьяна Георгиевна
Riassunto:Курс призван компенсировать недостатки школьного гуманитарного образования и послужить базой для усвоения других курсов этого же цикла (истории, философии, социологии, политологии и др.), а также ряда специальных дисциплин. В большинстве вузов Российской Феде­рации «Культурология» изучается на первом курсе обучения различных специальностей, для которых эта дисциплина не является профили­рующей.Цель учебного пособия — представить в систематизированном виде содержание современных культурологических знаний, дать представление об истории культурологической мысли, познакомить с категориальным аппаратом данной дисциплины, раскрыть существо основных проблем современной культурологии, а также познакомить со спецификой и за­кономерностями развития мировых культур.
Lingua:russo
Pubblicazione: Москва, ЮНИТИ, 2004
Edizione:2-е изд., перераб. и доп.
Serie:Cogito ergo sum
Soggetti:
Natura: MixedMaterials Libro
KOHA link:https://koha.lib.tpu.ru/cgi-bin/koha/opac-detail.pl?biblionumber=113951

MARC

LEADER 00000nam0a2200000 4500
001 113951
005 20231101215148.0
010 |a 5238007809 
035 |a (RuTPU)RU\TPU\book\123223 
090 |a 113951 
100 |a 20070418d2004 m y0rusy50 ca 
101 0 |a rus 
102 |a RU 
105 |a y j 001zy 
200 1 |a Культурология: теория культуры  |e учебное пособие  |f А. П. Садохин, Т. Г. Грушевицкая 
205 |a 2-е изд., перераб. и доп. 
210 |a Москва  |c ЮНИТИ  |d 2004 
215 |a 365 с. 
225 1 |a Cogito ergo sum 
320 |a Глоссарий: с. 352-362. 
330 |a Курс призван компенсировать недостатки школьного гуманитарного образования и послужить базой для усвоения других курсов этого же цикла (истории, философии, социологии, политологии и др.), а также ряда специальных дисциплин. В большинстве вузов Российской Феде­рации «Культурология» изучается на первом курсе обучения различных специальностей, для которых эта дисциплина не является профили­рующей.Цель учебного пособия — представить в систематизированном виде содержание современных культурологических знаний, дать представление об истории культурологической мысли, познакомить с категориальным аппаратом данной дисциплины, раскрыть существо основных проблем современной культурологии, а также познакомить со спецификой и за­кономерностями развития мировых культур. 
606 1 |a Культурология  |2 stltpush  |3 (RuTPU)RU\TPU\subj\67420  |9 83233 
610 1 |a учебные пособия 
610 1 |a предмет 
610 1 |a методы 
610 1 |a история 
610 1 |a направления 
610 1 |a 19 век 
610 1 |a школы 
610 1 |a 20 век 
610 1 |a теория 
610 1 |a морфология 
610 1 |a культура 
610 1 |a функции 
610 1 |a динамика 
610 1 |a культурная картина 
610 1 |a межкультурные коммуникации 
610 1 |a типология 
610 1 |a будущее 
686 |a Ч111я73  |v LBC/SL-A  |2 rubbk 
700 1 |a Садохин  |b А. П.  |g Александр Петрович 
701 1 |a Грушевицкая  |b Т. Г.  |g Татьяна Георгиевна 
801 1 |a RU  |b 63413507  |c 20070418  |g PSBO 
801 2 |a RU  |b 63413507  |c 20130314  |g PSBO 
900 |a Культурология 
942 |c BK 
952 |a 540000 
959 |a 29/20070323  |d 1  |e 130,00  |f ЧЗГЛ:1